000 00519nam a2200181Ia 4500
001 3468
005 20260306145646.0
008 260306t2013||||xx |||||||||||||| ||spa||
041 _aESP
082 _a279.8
_bS22
100 _aSánchez Paredes, José
_eAUT
245 0 _aLos rostros de la tierra encantada:
_breligión, evangelización y sincretismo en el Nuevo Mundo. Homenaje a Manuel Marzal
260 _c2013
300 _a748 páginas :
_c24 cm.
650 _aGEN
654 _aCHU
942 _cLIB
_dJUS
_fJUS
_2ddc
_n
999 _c3468
_d3468